| 000 | 00775nam a2200253 i 4500 | ||
|---|---|---|---|
| 001 | C2-0325329 | ||
| 003 | PPAK | ||
| 005 | 20180728123359.0 | ||
| 008 | 140127s2013 my a|||| ||||| | may d | ||
| 020 | _a9789830974040 | ||
| 040 |
_aPPAK _beng _cPPAK _erda |
||
| 082 | 0 | 4 |
_a297.35538 _223 |
| 090 | 0 | 0 |
_a297.35538 _bMUH _dG |
| 100 | 0 |
_aMuhd Kamil Ibrahim, _eauthor |
|
| 245 | 1 | 0 |
_aAnekdot Madinah : _bbenar, Dia Maha Mendengar |
| 264 | 1 |
_aPetaling Jaya, Selangor : _bGaleri Ilmu , _c2013 |
|
| 300 |
_axlix, 346 pages : _bcolour illustrations ; _c22 cm |
||
| 336 |
_2rdacontent _atext |
||
| 337 |
_2rdamedia _aunmediated |
||
| 338 |
_2rdacarrier _avolume |
||
| 650 | 1 | 0 | _aMedina - Anecdotes. ; Traveler's writings. |
| 700 | 0 |
_aZulina Hassan, _eeditor |
|
| 942 |
_ddc _cB |
||
| 999 |
_c125054 _d125054 |
||